| 000 | 00612nam a22001457a 4500 | ||
|---|---|---|---|
| 020 | _a0-451-15949-7 | ||
| 082 |
_a823 _bCOO/B |
||
| 100 | _aCOOK, ROBIN | ||
| 245 | _aSPHINX | ||
| 260 |
_aNEW YORK _bSIGNET BOOK _c1979 |
||
| 300 | _a313 | ||
| 520 | _aSphinx is a 1979 novel by Robin Cook. It follows a young American Egyptologist named Erica Baron, on a working vacation in Egypt, who stumbles into a dangerous vortex of intrigue after seeing an ancient Egyptian statue of Seti I in a Cairo market. Cook's third novel, it is one of the few not centered on medicine. | ||
| 650 |
_aNOVEL _zUNITED STATES |
||
| 942 | _cBK | ||
| 999 |
_c2924 _d2924 |
||